Random Knowledge Quiz #61 - Statistics

General Stats
  • This quiz has been taken 173 times
  • The average score is 10 of 15
Answer Stats
Question Answer % Correct
What is the second largest state in the US? Texas
90%
The Black Death was caused by fleas carried by what animal? Rodents
86%
What's the name of the character wearing a red-and-white-striped shirt, a bobble hat, and glasses, that readers try to find in double paged illustrations where several people are doing amusing things? Wally / Waldo
83%
To which Greek goddess is the temple The Parthenon dedicated to? Athena
81%
On a standard color wheel, what color is opposite blue? Orange
79%
Marvel Comics was acquired by which major media company in 2009? The Walt Disney Company
72%
Fill in this quote: Toto, I've a feeling we're not in ______ anymore. Kansas
71%
Which large animal can swim, but not jump? Elephant
68%
What number is represented by "D" in Roman numerals? 500
64%
What sport features strikers and sweepers? Football / soccer
57%
In motor racing, what does a yellow flag indicate? Caution
56%
If you were going to Hogwarts, at which station in London would you find platform 9 3/4? King's Cross
54%
In what part of the human body would you find the malleus? The ear
54%
Which beer type's name means "storeroom" or "warehouse" in German? Lager
36%
What was the first movie to win the Best Animated Feature Film Oscar? (Hint: This award was first given in 2002). Shrek
25%
No matching quizzes found
Score Distribution
Percent of People with Each Score
Percentile by Number Answered
Your Score History
You have not taken this quiz